Statistics for Colors of the Central African Flag

Click here to take the quiz!

General Stats

  • This quiz has been taken 24 times
  • The average score is 5 of 5

Answer Stats

Answer% Correct
Blue
100%
White
95%
Yellow
95%
Green
90%
Red
90%

Score Distribution

Percentile by Number Answered

Percent of People with Each Score

Your Score History

You have not taken this quiz